| 000 | 00488nam a2200181Ia 4500 | ||
|---|---|---|---|
| 001 | 21429 | ||
| 005 | 20260306172918.0 | ||
| 008 | 260306t2017||||xx |||||||||||||| ||spa|| | ||
| 041 | _aESP | ||
| 082 |
_a345 _bC76 |
||
| 100 |
_aSequeiros Vargas, Iván _eAUT |
||
| 245 | 0 |
_aComentarios de los acuerdos plenarios II, derecho procesal penal: _bderecho procesal penal |
|
| 260 | _c2017 | ||
| 300 |
_a410 páginas : _c25 cm. |
||
| 650 | _aGEN | ||
| 654 | _aCDE | ||
| 942 |
_cLIB _dJUS _fJUS _2ddc _n |
||
| 999 |
_c21429 _d21429 |
||